Statistics for Marvel Avengers Academy Characters

Click here to take the quiz!

General Stats

  • This quiz has been taken 1,995 times
    (273 since last reset)
  • The average score is 61 of 198

Answer Stats

Hint Answer % Correct
Story CharactersIron Man
96%
Hulk
95%
Captain America
95%
A-Force EventThor (Jane Foster)
94%
Thor
94%
Spider-Man
92%
Black Widow
90%
Hawkeye
89%
Civil War EventBlack Panther
86%
Guardians of the Galaxy EventStar-Lord
85%
Gamora
84%
Groot
83%
Ant-Man
83%
Rocket Raccoon
81%
Wasp
78%
Loki
77%
Drax the Destroyer
77%
Marvel's Doctor Strange EventDoctor Strange
73%
Scarlet Witch
73%
Nick Fury
70%
Captain Marvel
67%
Falcon
67%
Vision
67%
Daredevil EventDaredevil
67%
War Machine
64%
Mantis
64%
Nebula
62%
Luke Cage
60%
Ultron
58%
Jessica Jones
57%
Winter Soldier
55%
Shuri
53%
Iron Fist
52%
Maria Hill
52%
Legends Assemble EventOdin
51%
Yondu
48%
Valkyrie
47%
She-Hulk
47%
Green Goblin
45%
Wong
44%
Ms. Marvel
44%
Red Hulk
44%
Women of Power Mini-EventPepper Potts
43%
Captain Britain
43%
Black Panther EventOkoye
42%
The Ancient One
41%
Ghost
40%
Heimdall
39%
Elektra
39%
Venom
38%
Punisher
37%
Black Bolt
37%
Login Bonus CharactersPeggy Carter
37%
Inhumans EventMedusa
36%
Legends Assemble Event cont.Hank Pym
35%
Sif
35%
Premium CharactersSpider-Woman
35%
Ragnarok Special EventGrandmaster
34%
Cloak and Dagger EventDagger
34%
Cloak
34%
Doctor Octopus
34%
Mysterio
33%
Phil Coulson
33%
The Collector
33%
Killmonger
32%
The Lizard
31%
Guardians of the Galaxy Vol. 2 EventNova
31%
M.O.D.O.K.
30%
Lockjaw
30%
Ghost Rider
29%
Spider-Man Event cont.Spider-Gwen
29%
Crystal
29%
Moon Knight
29%
Mary Jane
28%
Quake
28%
Ragnarok Special Event cont.Korg
28%
Electro
28%
Frigga
27%
Miles Morales
27%
Hellcat
26%
Mordo
26%
Fandral
26%
Young Avengers Mini-EventHulkling
26%
Black Knight
25%
Warriors Three Special EventHogun
25%
A.I.M. Attacks! Mini-EventSquirrel Girl
25%
Yellowjacket
25%
Adam Warlock
25%
Agent 13
24%
Bullseye
24%
Whiplash
24%
Mockingbird
24%
Blade
24%
Howard the Duck
24%
Black Cat
24%
Baron Zemo
23%
Cosmo the Spacedog
23%
J.A.R.V.I.S.
22%
Hercules
22%
Spider-Man EventSpider-Ham
22%
Jocasta
22%
Wonder Man
22%
Spider-Girl
22%
Tigra
21%
Wiccan
21%
Taskmaster
21%
Goliath
21%
Gorgon
21%
Beta Ray Bill
21%
Gamma Attack! Mini-EventA-Bomb
21%
Avengers Halloween EventMisty Knight
21%
Crimson Dynamo
20%
Enchantress
20%
British Invasion Mini-EventUnion Jack
20%
Miek
20%
Bucky Barnes
20%
Triton
19%
Lil' Groot
19%
Red She-Hulk
19%
Crossbones
19%
Leader
19%
Amadeus Cho
19%
Spider-Man: Homecoming EventAgent Venom
18%
Halloween Special EventDum-Dum Dugan
18%
Mandarin
18%
Karnak
18%
Nico Minoru
18%
Ultron Revolution Special EventKate Bishop
18%
Volstagg
18%
Stick
18%
Defenders EventFoggy Nelson
18%
Ironheart
18%
Patriot
17%
Ares
17%
Dracula
17%
Angela
17%
Armor Wars EventIron Lad
17%
America Chavez
17%
Leo Fitz
17%
Spider-Man 2099
17%
Redwing
17%
Man-Thing
17%
Agents of S.H.I.E.L.D. EventMelinda May
17%
Doctor Voodoo
16%
Silk
16%
Jemma Simmons
16%
Singularity
16%
Stinger
16%
Colleen Wing
15%
J. Jonah Jameson
15%
Monsters Unleashed EventMoon Girl
14%
Devil Dinosaur
14%
Throg
14%
Jack O' Lantern
14%
Hyperion
14%
Firebird
14%
Madame Hydra
14%
Speed
14%
Claire Temple
14%
World War Hulk EventSkaar
14%
Lucky
14%
Jasper Sitwell
13%
Silver Sable
13%
Multiverse Special EventCaptain America 2099
13%
Ant-Man and The Wasp EventHope van Dyne
12%
Hell's Kitchen Halloween Special EventWhite Tiger
12%
Karolina Dean
12%
Old Lace
12%
Infinity War EventTeen Groot
12%
Rick Jones
12%
Satana
12%
Viv
12%
Elsa Bloodstone
12%
Auran
12%
Orrgo
12%
Pet Avengers Special EventHairball
11%
Keeper Murdock
11%
Longbow
11%
Werewolf by Night
11%
Return of A-Force Special EventA.I.M. Scientist
11%
Zabu
11%
Marvel Rising EventInferno
11%
Thor Noir
10%
The Runaways Special EventMolly Hayes
10%
Voyager
10%
Hit-Monkey
10%
Vampire by Night
10%
Cosmic Cataclysm EventMar-Vell
10%
Ghost Rider 2099
10%
Jessica Jones Special EventThe Hood
9%
Noh-Varr
9%
Iron Legion Robot
9%
Luke Cage EventNightshade
9%
Thane
9%
Back to School EventNadia Pym
8%
Madame Masque
8%
Newscaster Supreme
8%
Chitauri Soldier
7%

Score Distribution

Percentile by Number Answered

Percent of People with Each Score

Your Score History

You have not taken this quiz since the last reset